01485cam a22003497a 4500003000500000005001700005008004100022010001000063011001000073035001000083040000900093090001000102100004100112245019800153260004100351300003300392502020800425590003700633590004100670590004100711590004100752590004200793650003000835650003200865650001200897901000700909905002300916942001000939949004200949999001700991952012701008CHAP20220817043617.0000203d1997 mx r 00110 spa d a79697 a80669 a91120 cCHAP aTesis00aMartínez Pérez, Dámaso.97238610aAvaliação de treze clones de laranjas doces (Citrus sinensis L. Osbeck) enxertadas sobre citrumelo swingle (C. paradisi Macf x Poncirus trifoliata L. Raf.)c/por Dámaso Martínez Pérez aChapingo, Méx. :bEl autor,c1997. a103 h. :bgráfs. ; cuadros aDissertação (Mestre em Agronomia em Produção Vegetal) -- Universidade Estadual Paulista. Faculdade de Ciências Agrárias e Veterinárias. Câmpus de Jaboticabal. Departamento de Horticultura aALEPHb10c20130110lUCH01h1433 aBATCH-UPDb10c20130110lUCH01h2218 aBATCH-UPDb10c20130410lUCH01h1518 aBATCH-UPDb10c20130914lUCH01h1836 aCONVERSIONb10c20130109lUCH01h134414aNaranjaxInjertos.98017114aNaranjaxVariedades.98019414aPomelo. aBK aGuadalupe Pinto C. cTESIS bBCcTESd911201eTS1h34958i91120sb c79697d79697 00102local4051708TESISaBCbBCcPA_TESISd2019-12-31fTESISl0oTesisp911201r2019-12-31 00:00:00w2019-12-31yTESIS